000 00533nam a2200181Ia 4500
003 LK-CoDNM
008 010623t1993 xxu||||| |||| 00| 1 sin d
040 _aLK-CoDNM
_dLK-CoDNM
_eLK-CoDNM
041 _asin
080 _a82-2
_bARI
100 _aAriyarathna, Sunil
245 _aසිරිසේන විමලවීර ගේ ටීටර් නාට්‍ය 6 ක්
246 _aSirisena Wimalaweerage teetar natya 6 k
260 _bS.Godage
_aColombo
_c1993
300 _b476, 22 cm
650 _aDrama
942 _cBK
999 _c116345
_d116345